| 000 | 00938cam a2200229 4500 | ||
|---|---|---|---|
| 001 | ABS63916 | ||
| 008 | 000000n2001 000 0 eng u | ||
| 035 | _a(Sirsi) u112095 | ||
| 100 | _aHill, G. | ||
| 245 | _aAgricultural charges and foot-and-mouth compensation | ||
| 260 | _c2001 | ||
| 490 |
_aNew Law Journal _v151(6978) April 6 2001, 484 & 504(2) |
||
| 520 | _aExamines the acts relating to foot and mouth compensation. Mentions Agricultural Credits Act 1928 and the Animal Health Act 1981 which empowers the Minister of Agriculture Fisheries and Food to require animals infected with various diseases to be slaughtered but gives allowances for payment of compensation. | ||
| 590 | _aABS | ||
| 650 | _aFOOT-AND-MOUTH DISEASE | ||
| 650 | _aAGRICULTURAL CREDITS ACT 1928 | ||
| 650 | _aANIMAL HEALTH ACT 1981 | ||
| 650 | _aAGRICULTURAL CHARGES | ||
| 650 | _aMAFF | ||
| 690 | _aRURAL-AGRICULTURE AND FORESTRY | ||
| 942 | _n0 | ||
| 999 |
_c66755 _d66755 |
||